| 000 | 00760nam a2200253Ia 4500 | ||
|---|---|---|---|
| 003 | OSt | ||
| 005 | 20220918184816.0 | ||
| 006 | a|||||r|||| 00| 0 | ||
| 007 | ta | ||
| 008 | 220917b |||||||| |||| 00| 0 eng d | ||
| 024 | _a48,198 | ||
| 037 | _cTextual | ||
| 040 |
_aARTS _cARTS _beng |
||
| 041 |
_2eng _aeng |
||
| 082 | _aP0bW, M9 | ||
| 100 |
_aWodak Ruth ed _920882 |
||
| 245 | 0 |
_aLanguage , power and ideology _b studies in political discourse |
|
| 260 |
_aAmsterdam _bJohn Benjamins Pub cC. _c1989 |
||
| 300 |
_axx,289p. _ccm. |
||
| 490 | _aCritical theory : Interdisciplinatry approaches to language Discourse and Ideology; 7 | ||
| 650 | _aLINGUISTICS | ||
| 942 |
_hP0bW, M9 _cTEXL _2CC |
||
| 999 |
_c177869 _d177869 |
||